| 000 | 00561nam a2200181Ia 4500 | ||
|---|---|---|---|
| 001 | 20063 | ||
| 005 | 20260306172738.0 | ||
| 008 | 260306t2006||||xx |||||||||||||| ||spa|| | ||
| 041 | _aESP | ||
| 082 |
_a342.211 _bH46 |
||
| 100 |
_aHerrera Rodríguez, Nataly M. _eAUT |
||
| 245 | 0 | _aAnálisis del plan integral de reparaciones implementado por el Estado para víctimas y beneficiarios de la desaparición forzada en el Perú, 1980-2000 | |
| 260 | _c2006 | ||
| 300 |
_a146 páginas : _c20 cm. |
||
| 650 | _aGEN | ||
| 654 | _aCDE | ||
| 942 |
_cLIB _dJUS _fJUS _2ddc _n |
||
| 999 |
_c20063 _d20063 |
||